Breves rectificaciones a la biografía del Excmo. Sr. D. Martín Fernández de Navarrete : (Record no. 53840)

MARC details
000 -LEADER
campo de control de longitud fija 00907nam a22002175i 4500
001 - NÚMERO DE CONTROL
campo de control 53840
003 - IDENTIFICADOR DE NÚMERO DE CONTROL
campo de control ES-MaACL
005 - FECHA Y HORA DE LA ÚLTIMA TRANSACCIÓN
campo de control 20250825062718.0
007 - CAMPO FIJO DE DESCRIPCIÓN FÍSICA--INFORMACIÓN GENERAL
campo de control de longitud fija t|
008 - DATOS DE LONGITUD FIJA--INFORMACIÓN GENERAL
campo de control de longitud fija 960705s1895 sp ||||1| spa d
100 1# - ENTRADA PRINCIPAL--NOMBRE DE PERSONA
Nombre de persona Fernández de Navarrete, Francisco.
9 (RLIN) 49697
245 10 - MENCIÓN DEL TÍTULO
Título Breves rectificaciones a la biografía del Excmo. Sr. D. Martín Fernández de Navarrete :
Resto del título que publicó en el Almanaque de la Ilustración para el año 1895 el Sr. D. Luis Vidart /
Mención de responsabilidad, etc. por Francisco Fernández Navarrete.
260 ## - PUBLICACIÓN, DISTRIBUCIÓN, ETC.
Lugar de publicación, distribución, etc. Zaragoza :
Nombre del editor, distribuidor, etc. [s.n.],
Fecha de publicación, distribución, etc. 1895 (
Fabricante Tip. de Comas Hermanos)
300 ## - DESCRIPCIÓN FÍSICA
Extensión 16 p. ;
Dimensiones 21 cm.
600 14 - PUNTO DE ACCESO ADICIONAL DE MATERIA--NOMBRE DE PERSONA
Nombre de persona Fernández de Navarrete, Martín,
Fechas asociadas al nombre 1765-1844
9 (RLIN) 49698
655 #0 - TERMINO DE INDIZACIÓN--GENERO/FORMA
Datos o término principal de género/forma Biografías
9 (RLIN) 176647
700 1# - ENTRADA AGREGADA--NOMBRE PERSONAL
Nombre de persona Vidart, Luis,
Fechas asociadas al nombre 1833-1897
9 (RLIN) 114538
852 4# - LOCALIZACIÓN
Ubicación ES-MaACL
Número de control de estantería T-814-F-1
Nota libre - Enc. en un vol. facticio, conservando cub. original
942 ## - ELEMENTOS DE ENTRADA SECUNDARIOS (KOHA)
Fuente del sistema de clasificación o colocación Clasificación decimal universal
Holdings
Estatus retirado Estado de pérdida Estado de daño No para préstamo Colección Biblioteca de origen Biblioteca actual Ubicación en estantería Fecha de adquisición Fuente de adquisición Total de préstamos Signatura topográfica completa Código de barras Visto por última vez Precio de reemplazo Tipo de ítem Koha
        Colección de folletos Biblioteca del Ateneo de Madrid Biblioteca del Ateneo de Madrid Depósito folletos 17/01/2008     T-814-F-1 1056583 23/02/2023 23/02/2023 Folleto